Fr. Conceicao Rodrigues College of Engineering

Income-tax ready reckoner (Record no. 29352)

MARC details
000 -LEADER
fixed length control field 00328nam a2200145Ia 4500
082 ## - DEWEY DECIMAL CLASSIFICATION NUMBER
Classification number 343.052
100 ## - MAIN ENTRY--PERSONAL NAME
Personal name Mehta V.G/ Mehta N. V.
245 ## - TITLE STATEMENT
Title Income-tax ready reckoner
260 ## - PUBLICATION, DISTRIBUTION, ETC.
Name of publisher, distributor, etc. Shri kuber publication
Place of publication, distribution, etc. Bombay
Date of publication, distribution, etc. 1982
300 ## - PHYSICAL DESCRIPTION
Extent 320
546 ## - LANGUAGE NOTE
Language note ENGLISH
650 ## - SUBJECT ADDED ENTRY--TOPICAL TERM
Topical term or geographic name entry element General
654 ## - SUBJECT ADDED ENTRY--FACETED TOPICAL TERMS
Focus term Income tax
942 ## - ADDED ENTRY ELEMENTS (KOHA)
Koha item type BOOK
Holdings
Withdrawn status Lost status Damaged status Not for loan Collection Home library Current library Shelving location Date acquired Cost, normal purchase price Inventory number Total Checkouts Full call number Barcode Date last seen Cost, replacement price Price effective from Koha item type Source of acquisition
        AFT Fr. Agnel's C.Rodrigues College of Engineering Fr. Agnel's C.Rodrigues College of Engineering   17/03/2023 28.00 SKP:4744   343.052 AFT2187 17/03/2023 28.00 17/03/2023 BOOK  
        AFT Fr. Agnel's C.Rodrigues College of Engineering Fr. Agnel's C.Rodrigues College of Engineering   17/03/2023 48.00     643.05 AFT3011 17/03/2023 48.00 17/03/2023 BOOK Vijay book stall